000
00247nam a22000977a 4500
082
_a
651.37 LOS'C
100
_a
LOSO AGNEW
_9
60173
245
_a
CLERICAL OFFICE PRACTICE
260
_b
SOCIETY FOR INDUSTRIAL & APPLIED MATHEMATICS
_c
1950
942
_c
BK
999
_c
569973
_d
569973